000 00632nam a2200241Ia 4500
003 OSt
005 20221005132704.0
006 a|||||r|||| 00| 0
007 ta
008 221004b |||||||| |||| 00| 0 mal d
024 _a54393
037 _cTextual
040 _aCRL
_cCRL
_bmal
041 _2mal
_amal
082 _aO32,1GA, J6
100 _aPisharodi Krishna Au.
_9641489
245 0 _aUnnu neeli sandesam
260 _c1956
650 _a MALAYALAM POETRY
_9185636
650 _aMALAYALAM LITERATURE
_938866
942 _hO32,1GA, J6
_cTEXL
_2cc
999 _c1064517
_d1064517